Signes du zodiaque par ordre alphabétique - Statistiques

Statistiques générales
  • Ce quiz a été pris 131 fois
  • Le résultat moyen est 11 sur 12
Statistiques - réponses
Hint Réponse % Correct
2) Bélier
95%
3) Cancer
95%
1) Balance
93%
6) Lion
92%
9) Sagittaire
92%
10) Taureau
92%
12) Vierge
92%
8) Scorpion
91%
4) Capricorne
90%
5) Gémeaux
88%
11) Verseau
87%
7) Poissons
83%
Aucun quiz correspondant
Distribution des résultats
% des personnes avec chaque résultat
Percentile par nombre de réponses
Votre historique - résultats
Vous n’avez pas pris ce quiz